Countries with most Drug Related Deaths - Statistics

General Stats
  • This quiz has been taken 134 times
  • The average score is 4 of 10
Answer Stats
# Country % Correct
190.8 United States
99%
80.0 Russia
80%
104.5 Canada
79%
88.1 Australia
60%
87.6 Finland
23%
198.1 Estonia
22%
221.5 Iceland
15%
160.9 El Salvador
13%
104.7 Uruguay
4%
81.6 Seychelles
1%
No matching quizzes found
Score Distribution
Percent of People with Each Score
Percentile by Number Answered
Your Score History
You have not taken this quiz